Gentilé des départements du Pays de la Loire - Statistiques

Statistiques générales
  • Ce quiz a été pris 20 fois
  • Le résultat moyen est 3 sur 5
Statistiques - réponses
Hint Réponse % Correct
Sarthe Sarthois
100%
Mayenne Mayennais
95%
Vendée Vendéens
84%
Maine-et-Loire Angevin
26%
Loire-Atlantique Mariligériens
5%
Aucun quiz correspondant
Distribution des résultats
% des personnes avec chaque résultat
Percentile par nombre de réponses
Votre historique - résultats
Vous n’avez pas pris ce quiz